000 00318nam a22001217a 4500
005 20160212043123.0
008 091209s2011 nyua b 001 0 eng
020 _a9780073380452
041 0 _aeng
080 _a621.38
245 1 0 _aMicroelectronic circuit design /
_cRichard C. Jaeger, Travis N. Blalock.
942 _2udc
_cBK
999 _c767
_d767